000 00281nam a22001217a 4500
008 160507b xxu||||| |||| 00| 0 eng d
020 _a9780072846119
020 _a0072846119
041 _aeng
080 _a573
245 _aMolecular biology:
_cRobert F. Weaver;
942 _2udc
_cBK
999 _c1884
_d1884